[Event "Campeonato de Aragón por Equipos 2008 "]
[Site "Aragón"]
[Date "2008.03.29"]
[Round "7.10"]
[White "Garcia Vicente Nieves"]
[Black "Sig Vargas Marcos"]
[Result "1/2-1/2"]
[WhiteElo "2219"]
[BlackElo "2101"]

1.d4 Nf6 2.c4 g6 3.Nc3 Bg7 4.e4 d6 5.Be2 O-O 6.Bg5 Nbd7 7.Qd2 e5 8.Nf3 c6 9.
O-O Qc7 10.Rad1 Nh5 11.d5 f6 12.Be3 c5 13.Ne1 f5 14.exf5 Ndf6 15.fxg6 hxg6 16.
Nd3 Bd7 17.Bf3 Bf5 18.Be2 Rae8 19.Bg5 a6 20.Rde1 Qf7 21.f3 e4 22.fxe4 Nxe4 23.
Nxe4 Rxe4 24.Nf2 Rd4 25.Qc1 Be5 26.Ng4 Rxg4 27.Bxg4 Qg7 28.Bxh5 Bxb2 29.Qd1
gxh5 30.h4 Qg6 31.Kh1 Be5 32.Qb3 Rf7 33.Qb6 Rd7 34.Rf3 Be4 35.Rfe3 Bd3 36.Rd1
Be4 37.Rde1 Bd3 38.Rf3 Be4 39.Rfe3 Bd3 40.Qb3 Bc2 41.Qa3 Rf7 42.Qc1 Rf2 43.Rf1
Qf5 44.Rf3 Rxf3 45.Rxf3 Qe4 46.Qf1 Bg7 47.Re3 Qf5 48.Re8+ Kh7 49.Qxf5+ Bxf5
50.Re7 Kg6 51.Rxb7 Bd3 52.Bf4 Bxc4 53.Bxd6 Bxa2 54.Bxc5 Bxd5 55.Rb6+ Kf5 56.
Rxa6 Bf6 57.Bf2 Bb7 58.Rb6 Bd5 59.Rb5 Ke6 60.Bg3 Bd4 61.Kh2 Bf6 62.Ra5 Bg7 63.
Bf4 Bf6 64.g3 Bf3 65.Ra3 Bd1 66.Kg2 Kf5 67.Ra5+ Ke4 68.Ra3 Kf5 69.Bd2 Be7 70.
Re3 Bc5 71.Re1 Bg4 72.Rf1+ Ke6 73.Rf4 Bd1 74.Bc3 Kd5 75.Rf5+ Kc4 76.Be5 Be2
77.Bc7 Bd4 78.Be5 Bc5 79.Rg5 Be3 80.Bf4 Bd4 81.Rg8 Bc5 82.Re8 Kd3 83.Rd8+ Ke4
84.Re8+ Kd3 85.Re5 Bd4 86.Re7 Bc5 87.Re8 Bb6 88.Be5 Bc5 89.Bb2 Bb6 90.Rb8 Bc5
91.Rc8 Bb6 92.Rc6 Ba7 93.Re6 Be3 94.Re5 Bg4 95.Re8 Bb6 96.Rb8 Bc5 97.Rg8 Be2
98.Rg5 Be3 99.Rg7 Ke4 100.Re7+ Kd3 101.Bf6 Bg4 102.Bg5 Bc5 103.Rc7 Bb6 104.Rc6
Bd4 105.Bf6 Be3 106.Rc3+ Ke2 107.Bg5 Bd4 108.Rc2+ Kd3 109.Rc7 Bb6 110.Re7 Bd4
111.Bc1 Bc5 112.Re5 Bd4 113.Rg5 Be2 114.g4 Bxg4 115.Rxg4 hxg4 116.Kg3 Ke4 117.
Kxg4 Ke5 118.Kg5 Ke6 119.Kg6 Ke7 120.Bh6 Ke8 121.h5 Bc3 122.Bg7 Bd2 1/2-1/2

[Event "Campeonato de Aragón por Equipos 2008 "]
[Site "Aragón"]
[Date "2008.03.29"]
[Round "7.11"]
[White "Escuer Sanchez Nestor"]
[Black "Cabrera Moreno Daniel"]
[Result "1/2-1/2"]
[WhiteElo "2084"]
[BlackElo "2184"]

1.d4 Nf6 2.g3 d5 3.Nf3 c6 4.Bg2 Bf5 5.O-O e6 6.c4 Be7 7.h3 h6 8.Nbd2 Nbd7 9.a3
O-O 10.Re1 Ne4 11.Nxe4 Bxe4 12.cxd5 cxd5 13.Bd2 Rc8 14.Bc3 Nf6 15.Qb3 Rc7 16.
Rac1 Qb8 17.Bd2 Rxc1 18.Rxc1 Rc8 19.Rc3 Rxc3 20.Qxc3 Bd6 21.Be1 Qc7 22.Qxc7
Bxc7 23.Bc3 Kf8 24.Nd2 Bxg2 25.Kxg2 h5 26.Kf3 Bd6 27.e4 Be7 28.e5 Nd7 29.Ba5
Nb8 30.Ke3 Nc6 31.Bc3 Ke8 32.f4 Kd7 33.Nf3 g6 34.Nd2 b5 35.g4 hxg4 36.hxg4 a5
37.Nf3 Bd8 38.Be1 a4 39.Kd3 Be7 40.Bd2 Bd8 41.Ne1 Bb6 42.Bc3 Bd8 43.g5 Kc7 44.
Nc2 Kb6 45.Bb4 Ka6 46.Bc5 Ba5 47.Nb4+ Bxb4 48.Bxb4 Na5 49.Bc3 Nc4 50.Ke2 Kb6
51.Kd3 Na5 52.Bb4 Nb3 53.Kc3 Ka6 54.Kd3 Na5 55.Bc3 Nc6 56.Bb4 Kb6 57.Ke3 Kc7
58.Kd3 Kd7 59.Ke3 Kc7 1/2-1/2

[Event "Campeonato de Aragón por Equipos 2008 "]
[Site "Aragón"]
[Date "2008.03.29"]
[Round "7.12"]
[White "Galindo Galindo Francisco Javier"]
[Black "Andreu Sin Raul"]
[Result "1-0"]
[WhiteElo "1864"]
[BlackElo "2045"]

1.d4 d5 2.c4 e6 3.e3 Nf6 4.a3 dxc4 5.Bxc4 a6 6.b4 Be7 7.Nf3 Nbd7 8.Bb2 O-O 9.
O-O b6 10.Nbd2 Bb7 11.Rc1 c5 12.dxc5 bxc5 13.bxc5 Nxc5 14.Bd4 Rc8 15.Bxc5 Bxc5
16.Qb3 Qe7 17.a4 Rfd8 18.Rfd1 Rb8 19.Qa2 Nd5 20.Qa1 Nxe3 21.fxe3 Bxe3+ 22.Kh1
Bxf3 23.Nxf3 Bxc1 24.Rxd8+ Rxd8 25.Qxc1 Rc8 26.Qf4 Qb7 27.h3 Rc5 28.Qd4 Qc7
29.Bxa6 Rc1+ 30.Ng1 g6 31.Bb5 e5 32.Qd5 Qb6 33.Kh2 Qxg1+ 34.Kg3 Rc3+ 35.Kh4
Qf2+ 1-0

[Event "Campeonato de Aragón por Equipos 2008 "]
[Site "Aragón"]
[Date "2008.03.29"]
[Round "7.13"]
[White "Alonso Blasco Jose Miguel"]
[Black "Del Rey Diego"]
[Result "0-1"]
[WhiteElo "2075"]
[BlackElo "2382"]

1.e4 c5 2.Nf3 d6 3.Bb5+ Nd7 4.d4 Nf6 5.Nc3 cxd4 6.Qxd4 e5 7.Qd3 h6 8.Nd5 Nxd5
9.Qxd5 Be7 10.Bxd7+ Qxd7 11.O-O O-O 12.b3 Qc7 13.c4 Be6 14.Qd3 f5 15.Rd1 Kh8
16.Ba3 fxe4 17.Qxe4 Rf4 18.Qg6 Rf6 19.Qh5 Raf8 20.Ng5 Bf5 21.f3 Bc2 22.Rdc1
Bg6 23.Qh3 Qa5 24.Bb2 Qd2 0-1

[Event "Campeonato de Aragón por Equipos 2008 "]
[Site "Aragón"]
[Date "2008.03.29"]
[Round "7.14"]
[White "Chueca Forcen Alberto"]
[Black "Mombiela de Sus Jose Luis"]
[Result "0-1"]
[WhiteElo "2283"]
[BlackElo "2068"]

1.d4 e6 2.c4 f5 3.g3 Nf6 4.Bg2 Be7 5.Nf3 O-O 6.O-O Ne4 7.Qc2 Bf6 8.b3 a5 9.Ba3
d6 10.Nbd2 Nxd2 11.Qxd2 Nc6 12.Rad1 Nb4 13.Ne1 e5 14.dxe5 dxe5 15.Bxb4 axb4
16.Bd5+ Kh8 17.Qxb4 Qe8 18.a4 e4 19.c5 c6 20.Bc4 f4 21.Ng2 Be5 22.Kh1 Bh3 23.
Rg1 e3 24.f3 fxg3 25.Bd3 Qh5 26.Nxe3 Rxf3 27.Ng2 Bg4 28.h4 Rf4 29.Qxb7 Bc8 30.
Qxa8 Rxh4+ 31.Nxh4 Qxh4+ 32.Kg2 Qh2+ 33.Kf3 Qf2+ 34.Ke4 Qf4# 0-1

[Event "Campeonato de Aragón por Equipos 2008 "]
[Site "Aragón"]
[Date "2008.03.29"]
[Round "7.15"]
[White "Artal Alegria Francisco Javier"]
[Black "Hernando Garcia Antonio"]
[Result "0-1"]
[WhiteElo "1943"]
[BlackElo "2212"]

1.d4 d5 2.Nf3 Nf6 3.e3 e6 4.Bd3 c5 5.c3 Nbd7 6.Nbd2 b6 7.Qe2 Bb7 8.e4 cxd4 9.
cxd4 dxe4 10.Nxe4 Nxe4 11.Bxe4 Bxe4 12.Qxe4 Bb4+ 13.Ke2 Be7 14.Bg5 Bxg5 15.
Nxg5 h6 16.Nh3 O-O 17.Rhd1 Nf6 18.Qh4 Qd5 19.Rd3 Qxg2 20.Rf3 Qg4 21.Qxg4 Nxg4
22.Rg1 h5 23.Rfg3 g6 24.Nf4 Kh7 25.Rh3 Nh6 26.Rc1 Nf5 27.d5 e5 28.Nd3 Rfe8 29.
Rc7 Kg7 30.Nb4 Red8 31.Rb7 a5 32.Nc6 Rxd5 33.Rxb6 Nd4+ 34.Nxd4 Rxd4 35.Ra3 a4
36.b4 e4 37.Rc3 Ra7 38.b5 Rad7 39.a3 Rd2+ 40.Ke3 R2d3+ 41.Rxd3 Rxd3+ 42.Kxe4
Rxa3 43.Ra6 Ra1 44.Kf3 Rb1 45.h4 Rb4 46.Kg3 Rb3+ 47.f3 Rxb5 48.Rxa4 g5 49.Ra6
f6 50.Ra4 Kg6 51.Ra6 Kf5 52.Ra4 Rb3 53.Ra5+ Kg6 54.Ra4 g4 55.Ra8 Rxf3+ 56.Kg2
Rh3 0-1

[Event "Campeonato de Aragón por Equipos 2008 "]
[Site "Aragón"]
[Date "2008.03.29"]
[Round "7.16"]
[White "Sanmartin Agustin Borja"]
[Black "Tirapo Larcuen Ana"]
[Result "1-0"]
[WhiteElo "2067"]
[BlackElo "1883"]

1.e4 c5 2.Nf3 e6 3.d4 cxd4 4.Nxd4 Nf6 5.Bd3 d6 6.O-O Be7 7.Nd2 Nc6 8.c3 O-O 9.
f4 e5 10.Nf5 Bxf5 11.exf5 Qb6+ 12.Kh1 d5 13.g4 e4 14.Bc2 Rfe8 15.g5 Nd7 16.f6
Bf8 17.fxg7 Bxg7 18.Nxe4 dxe4 19.Qxd7 Rad8 20.Qh3 Qc5 21.Be3 Qb5 22.Rab1 Na5
23.b3 Bxc3 24.f5 Bg7 25.f6 Bf8 26.Rf4 1-0

[Event "Campeonato de Aragón por Equipos 2008 "]
[Site "Aragón"]
[Date "2008.03.29"]
[Round "7.17"]
[White "Ramiro Ovejero Juan Luis"]
[Black "Cebrian Valverde Jose Antonio"]
[Result "1-0"]
[WhiteElo "2330"]
[BlackElo "2206"]

1.e4 e6 2.d4 d5 3.Nd2 c5 4.Ngf3 cxd4 5.Nxd4 Nc6 6.Bb5 Bd7 7.Nxc6 Bxc6 8.Bxc6+
bxc6 9.c4 Nf6 10.Qa4 Qd7 11.e5 Ng8 12.Nf3 Rb8 13.a3 Ne7 14.b4 dxc4 15.Be3 Nd5
16.Qxa7 Qxa7 17.Bxa7 Ra8 18.Bd4 Rxa3 19.Rxa3 Bxb4+ 20.Ke2 Bxa3 21.Ra1 Be7 22.
Ra8+ Bd8 23.Bc5 f6 24.Nd2 c3 25.Ne4 Kd7 26.Bd6 fxe5 27.Bxe5 c5 28.Nxc5+ Kc6
29.Rc8+ Kb5 30.Nxe6 Re8 31.Rxd8 Rxe6 32.Rxd5+ Kc4 33.Rd4+ Kc5 34.f4 g5 35.Kd3
gxf4 36.Bxf4 c2 37.Rc4+ 1-0

[Event "Campeonato de Aragón por Equipos 2008 "]
[Site "Aragón"]
[Date "2008.03.29"]
[Round "7.18"]
[White "Gimeno Oteo Marco Antonio"]
[Black "Gil Capape MA"]
[Result "1-0"]
[WhiteElo "2162"]
[BlackElo "2185"]

1.e4 c5 2.b4 cxb4 3.d4 d5 4.exd5 Qxd5 5.c4 Qa5 6.Nd2 b3 7.Qxb3 e5 8.Bd3 Nc6 9.
Nf3 Bb4 10.O-O exd4 11.Ne4 f5 12.Ng3 Bd7 13.Rb1 Nge7 14.Bg5 Bc3 15.Bxe7 Nxe7
16.Rfe1 Bxe1 17.Rxe1 b6 18.Re5 Qc3 19.Qd1 Kd8 20.Ne2 Ba4 21.Qb1 Qa3 22.Nexd4
g6 23.c5 Rc8 24.Bb5 Nc6 25.Nxc6+ Rxc6 26.Bxc6 Bxc6 27.Qd1+ Kc8 28.Qd6 Bxf3 29.
gxf3 Qc1+ 30.Kg2 Qg5+ 31.Kf1 Rd8 32.Qc6+ Kb8 33.cxb6 Rd1+ 34.Re1 Rxe1+ 35.Kxe1
Qe7+ 36.Kf1 axb6 37.Qxb6+ Ka8 38.a4 Qa3 39.Qc6+ Kb8 40.Kg2 Qe7 41.a5 Qb7 42.
Qd6+ Ka7 43.Kg3 Qa6 44.Qc5+ Kb8 45.Kf4 g5+ 46.Kxf5 Qg6+ 47.Kg4 h5+ 48.Kg3 Kb7
49.Qb6+ Qxb6 50.axb6 Kxb6 51.f4 Kc5 1-0

[Event "Campeonato de Aragón por Equipos 2008 "]
[Site "Aragón"]
[Date "2008.03.29"]
[Round "7.19"]
[White "Alonso Fernandez Revuelta Rodri"]
[Black "Palomar Ramon Santiago"]
[Result "1/2-1/2"]
[WhiteElo "2138"]
[BlackElo "2010"]

1.e4 e5 2.Nf3 d6 3.d4 Nf6 4.Nc3 Nbd7 5.Bc4 Be7 6.O-O O-O 7.Bb3 exd4 8.Qxd4 Nc5
9.Bf4 Be6 10.Rfe1 Bxb3 11.axb3 Ne6 12.Qd2 Qc8 13.Nd5 Nxd5 14.exd5 Nxf4 15.Qxf4
Bf6 16.c3 Re8 17.Rxe8+ Qxe8 18.Re1 Qb5 19.Qa4 Qxa4 20.bxa4 1/2-1/2

[Event "Campeonato de Aragón por Equipos 2008 "]
[Site "Aragón"]
[Date "2008.03.29"]
[Round "7.20"]
[White "Baldellou Vicente Roberto"]
[Black "Galvez Perez Jose Luis"]
[Result "1/2-1/2"]
[WhiteElo "1999"]
[BlackElo "2120"]

1.d4 d6 2.c4 e5 3.e3 Nd7 4.Nc3 g6 5.Nf3 Bg7 6.Be2 Ne7 7.O-O O-O 8.b3 h6 9.Bb2
f5 10.dxe5 dxe5 11.Qc2 c6 12.Rad1 Qe8 13.Ba3 g5 14.Bd6 Bf6 15.c5 g4 16.Nd2 Qg6
17.Bc4+ Kh8 18.Be6 Nb6 19.Bxc8 Nbxc8 20.Nc4 Qg7 21.Bxe7 Nxe7 22.Rd7 Rfd8 23.
Rfd1 Qf8 24.Rxb7 Rxd1+ 25.Qxd1 e4 26.Ne2 Nd5 27.Nd6 Be7 28.Nf4 Nxf4 29.exf4
Qf6 30.g3 Rd8 31.Rxe7 Qxe7 32.Nf7+ Qxf7 33.Qxd8+ Kg7 34.Qd6 Qf6 35.Qd7+ Kg6
36.Qe8+ Kg7 37.Qd7+ Kg6 38.Qe8+ Kg7 39.Qd7+ Kg6 1/2-1/2

[Event "Campeonato de Aragón por Equipos 2008 "]
[Site "Aragón"]
[Date "2008.03.29"]
[Round "7.21"]
[White "Lopez Gracia Fernando"]
[Black "Villuendas Valero Adrian"]
[Result "1-0"]
[WhiteElo "2293"]
[BlackElo "2239"]

1.e4 c5 2.Nf3 e6 3.d4 cxd4 4.Nxd4 Nc6 5.Nc3 Qc7 6.Be3 a6 7.Qd2 Nf6 8.O-O-O
Nxd4 9.Qxd4 d6 10.f3 b5 11.g4 Bb7 12.g5 Nd7 13.h4 Rc8 14.a3 d5 15.exd5 Bxd5
16.Bf4 Qc6 17.Rh2 Nb6 18.Rhd2 Bxf3 19.Be2 Bxe2 20.Rxe2 Bxa3 21.Ne4 Bf8 22.Be5
Qc4 23.Bxg7 Bxg7 24.Qxg7 Qxe2 25.Nd6+ Kd7 26.Nxc8+ Kxc8 27.Qxh8+ Kb7 28.Qxh7
Nd5 29.g6 Ne3 30.Qxf7+ 1-0

[Event "Campeonato de Aragón por Equipos 2008 "]
[Site "Aragón"]
[Date "2008.03.29"]
[Round "7.22"]
[White "Gimenez Martinez Alberto"]
[Black "Quintin Navarro Alberto"]
[Result "1-0"]
[WhiteElo "2097"]
[BlackElo "1975"]

1.e4 c5 2.Nf3 d6 3.d4 cxd4 4.Nxd4 Nf6 5.Nc3 a6 6.Be3 e5 7.Nb3 Be6 8.f3 Be7 9.
Qd2 O-O 10.O-O-O Nbd7 11.g4 b5 12.Rg1 Rc8 13.g5 Ne8 14.Nd5 Bxd5 15.exd5 Nb6
16.Na5 Nxd5 17.Bh3 Nxe3 18.Qxe3 Rc7 19.Bf5 g6 20.Be4 Rxc2+ 21.Kxc2 Qxa5 22.Kb1
Ng7 23.Qa7 Qd8 24.Qxa6 Ne6 25.h4 Qb8 26.Rc1 Nd4 27.Rgd1 Rd8 28.Bd5 Kg7 29.Rc3
Kg8 30.Rdc1 1-0

[Event "Campeonato de Aragón por Equipos 2008 "]
[Site "Aragón"]
[Date "2008.03.29"]
[Round "7.23"]
[White "Arregui Unotria Carlos"]
[Black "Cebollada Pacheco Jesus Raul"]
[Result "1-0"]
[WhiteElo "1925"]
[BlackElo "2002"]

1.d4 Nf6 2.c4 g6 3.f3 d6 4.Nc3 Bg7 5.e4 e5 6.d5 Nfd7 7.Be3 Bh6 8.Qd2 Bxe3 9.
Qxe3 a5 10.Bd3 Nc5 11.Bc2 O-O 12.Nge2 Nbd7 13.O-O-O Nb6 14.b3 Qe7 15.h4 a4 16.
h5 axb3 17.axb3 Bd7 18.hxg6 fxg6 19.Qh6 Qg7 20.Kb2 Qxh6 21.Rxh6 Rf7 22.Rf1
Raf8 23.Nc1 Be8 24.Nd3 Nxd3+ 25.Bxd3 Nd7 26.b4 Nf6 27.Rhh1 Nh5 28.Ne2 c6 29.
dxc6 bxc6 30.Ra1 Rb7 31.Kc3 Bf7 32.Ra6 Rc8 33.Rha1 Kg7 34.Ra8 Rxa8 35.Rxa8 Nf6
36.b5 cxb5 37.cxb5 d5 38.Kb4 Nd7 39.exd5 Bxd5 40.Nc3 Nb6 41.Rd8 Bf7 42.Kc5 Nc4
43.Bxc4 Rc7+ 44.Kd6 Rxc4 45.Ne4 Rd4+ 46.Kc7 Rc4+ 47.Kb7 1-0

[Event "Campeonato de Aragón por Equipos 2008 "]
[Site "Aragón"]
[Date "2008.03.29"]
[Round "7.24"]
[White "Labena Bernal Antonio"]
[Black "Lahoz Andres"]
[Result "1-0"]
[WhiteElo "1994"]
[BlackElo "1622"]

1.e4 e5 2.Nc3 Nc6 3.Nf3 Nf6 4.d4 exd4 5.Nxd4 Bc5 6.Nxc6 bxc6 7.Bd3 d6 8.Na4
Bb6 9.Nxb6 axb6 10.O-O O-O 11.Bg5 Ba6 12.f4 Re8 13.Bxa6 Rxa6 14.e5 h6 15.Bh4
dxe5 16.Qxd8 Rxd8 17.fxe5 Ra4 18.Bxf6 gxf6 19.Rxf6 Rc4 20.c3 Rd2 21.Rf2 Rxf2
22.Kxf2 Re4 23.Re1 Rxe1 24.Kxe1 Kg7 25.Ke2 Kg6 26.Ke3 Kf5 27.Kd4 h5 28.a4 h4
29.b4 Kf4 30.a5 c5+ 31.Kd5 cxb4 32.cxb4 bxa5 33.bxa5 Ke3 34.a6 Kf2 35.a7 Kxg2
36.a8=Q Kxh2 37.Qg8 Kh3 38.Ke4 Kh2 39.Kf3 h3 40.Kf2 c5 41.Qg1# 1-0

[Event "Campeonato de Aragón por Equipos 2008 "]
[Site "Aragón"]
[Date "2008.03.29"]
[Round "7.25"]
[White "Llorente Zaro Alfonso"]
[Black "Hinojar Basa Alfonso"]
[Result "1-0"]
[WhiteElo "2392"]
[BlackElo "2210"]

1.b3 Nf6 2.Bb2 d5 3.e3 c5 4.Nf3 g6 5.c4 Bg7 6.cxd5 Qxd5 7.Bb5+ Bd7 8.Nc3 Qh5
9.Rc1 O-O 10.Be2 Nc6 11.Na4 b6 12.d4 cxd4 13.Nxd4 Qa5+ 14.Bc3 Qg5 15.h4 Qd5
16.Bf3 Ne4 17.Nxc6 Bxc6 18.Bxg7 Kxg7 19.O-O Rad8 20.Qc2 Ba8 21.Nc3 1-0

[Event "Campeonato de Aragón por Equipos 2008 "]
[Site "Aragón"]
[Date "2008.03.29"]
[Round "7.26"]
[White "Portero Garnica Miguel Angel"]
[Black "Remiro Juste Fernando Jose"]
[Result "0-1"]
[WhiteElo "2181"]
[BlackElo "2335"]

1.e4 c5 2.Nf3 d6 3.d4 cxd4 4.Nxd4 Nf6 5.Nc3 a6 6.Bc4 e6 7.Bb3 Nbd7 8.O-O Nc5
9.Qe2 Be7 10.Rd1 Qc7 11.Nf3 Nfd7 12.Bf4 Ne5 13.Na4 Nxa4 14.Bxa4+ b5 15.Bb3 O-O
16.Rac1 Nc4 17.Bxc4 bxc4 18.b3 e5 19.Bg5 f6 20.Bd2 Be6 21.Bc3 Rfd8 22.Nd2 Rac8
23.h3 g6 24.Kh1 Bf8 25.Qe3 d5 26.exd5 Bxd5 27.bxc4 Bxc4 28.Nxc4 Rxd1+ 29.Rxd1
Qxc4 30.Rd3 e4 31.Rd4 Qxc3 32.Qxe4 Qc6 33.Qe2 Re8 34.Qd3 Qe6 35.Rd7 Re7 36.
Rxe7 Bxe7 37.g4 Qe1+ 38.Kh2 0-1

[Event "Campeonato de Aragón por Equipos 2008 "]
[Site "Aragón"]
[Date "2008.03.29"]
[Round "7.27"]
[White "Ramon Perez Jose Luis"]
[Black "Jario Garcia Ricardo Javier"]
[Result "1-0"]
[WhiteElo "2327"]
[BlackElo "2150"]

1.c4 e6 2.Nc3 d5 3.d4 Nf6 4.Bg5 Nbd7 5.cxd5 exd5 6.e3 Be7 7.Bd3 O-O 8.Nge2 c6
9.Qc2 Re8 10.O-O Nf8 11.f3 h6 12.Bh4 Ne6 13.Rad1 b5 14.Bf2 Qa5 15.Ng3 Ba6 16.
Nf5 Bf8 17.Bh4 Nd7 18.Bg3 b4 19.Na4 Bxd3 20.Rxd3 Nb6 21.b3 Nxa4 22.bxa4 Qb6
23.Be5 Nd8 24.e4 Rxe5 25.a5 Qxa5 26.dxe5 dxe4 27.fxe4 Qxe5 28.Qe2 Ne6 29.Qg4
g6 30.Rh3 Ng5 31.Nxh6+ Bxh6 32.Rxh6 Nxe4 33.Qf3 Qd5 34.Rh4 Re8 35.Qe3 Qc5 36.
Qxc5 Nxc5 37.Rxb4 Re2 38.a3 Ra2 39.Rc4 Nd3 40.Ra4 1-0

[Event "Campeonato de Aragón por Equipos 2008 "]
[Site "Aragón"]
[Date "2008.03.29"]
[Round "7.28"]
[White "Gaspar Calvo Luis Alberto"]
[Black "Lana Rodriguez David"]
[Result "0-1"]
[WhiteElo "1939"]
[BlackElo "2177"]

1.d4 g6 2.g3 c5 3.Nf3 cxd4 4.Qxd4 Nf6 5.Bg2 Nc6 6.Qa4 Bg7 7.O-O O-O 8.Rd1 d6
9.Be3 Qb6 10.c4 Qxb2 11.Nbd2 Bf5 12.Ne1 Ng4 13.Rab1 Bxb1 14.Rxb1 Qe5 15.Nd3
Qh5 16.Nf3 Nxe3 17.fxe3 Rab8 18.Nf4 Qc5 19.Kf2 a6 20.Nd5 e6 21.Nb6 Rfd8 0-1

[Event "Campeonato de Aragón por Equipos 2008 "]
[Site "Aragón"]
[Date "2008.03.29"]
[Round "7.29"]
[White "Garza Marco Sergio"]
[Black "Horton Justin"]
[Result "1-0"]
[WhiteElo "2373"]
[BlackElo "2147"]

1.d4 d5 2.c4 c6 3.Nc3 dxc4 4.e3 b5 5.a4 b4 6.Na2 e6 7.Bxc4 Nf6 8.Nf3 Be7 9.Bd2
a5 10.Nc1 O-O 11.Nb3 Nbd7 12.O-O Bb7 13.Qe2 c5 14.Rfd1 Qb6 15.Ne5 Nxe5 16.dxe5
Qc6 17.f3 Nd5 18.Rac1 Qc7 19.Bb5 Qxe5 20.Be1 c4 21.Bxc4 Nxe3 22.Bg3 Qg5 23.f4
Qg4 24.Qxe3 Rfd8 25.Be2 Qf5 26.Bf3 Bxf3 27.Qxf3 Rxd1+ 28.Rxd1 Rc8 29.h3 Qc2
30.Rc1 Bc5+ 31.Kh2 Qxb2 32.Rxc5 1-0

[Event "Campeonato de Aragón por Equipos 2008 "]
[Site "Aragón"]
[Date "2008.03.29"]
[Round "7.30"]
[White "Abos Rosico Antonio"]
[Black "Lamas Mercadal Manuel"]
[Result "0-1"]
[WhiteElo "2043"]
[BlackElo "2246"]

1.e4 c5 2.Nf3 d6 3.d4 cxd4 4.Qxd4 Nc6 5.Bb5 Bd7 6.Bxc6 Bxc6 7.Nc3 Nf6 8.Bg5 e6
9.O-O-O Be7 10.h4 O-O 11.h5 h6 12.Bh4 Qc7 13.g4 d5 14.Ne5 dxe4 15.Nxc6 Qxc6
16.Bxf6 Bxf6 17.Qxe4 Qb6 18.Rh3 Rac8 19.f4 Qa5 20.Rdd3 Bxc3 21.Rxc3 Qxa2 22.
Ra3 Qc4 23.Qxc4 Rxc4 24.Rxa7 b5 25.Rb7 b4 26.Rb3 Rfc8 27.R3xb4 Rxc2+ 28.Kb1
Rg2 29.f5 exf5 30.Rf4 Rxg4 31.Rxf5 f6 32.Ka2 Rg5 33.Rbb5 Ra8+ 34.Kb3 Rxf5 35.
Rxf5 Kf7 36.Rb5 Ra7 37.Kc4 Ke6 38.b4 f5 39.Kd4 Kf6 40.Rd5 Kg5 41.b5 Kxh5 42.
Rxf5+ Kg4 43.Ke5 Rb7 44.Rf4+ Kg3 45.Rb4 h5 46.Rb3+ Kg4 47.b6 h4 48.Kd6 g5 49.
Kc6 Rb8 50.Kc7 Rf8 51.b7 h3 52.Rd3 h2 0-1

[Event "Campeonato de Aragón por Equipos 2008 "]
[Site "Aragón"]
[Date "2008.03.29"]
[Round "7.31"]
[White "Llanes Luno Ricardo"]
[Black "Gonzalez Gambau Jorge"]
[Result "1-0"]
[WhiteElo "2233"]
[BlackElo "2039"]

1.e4 d6 2.d4 Nf6 3.Nc3 e5 4.Nf3 Nbd7 5.Bc4 Be7 6.O-O O-O 7.Qe2 c6 8.a4 b6 9.
Rd1 Qc7 10.h3 Bb7 11.Nh4 d5 12.Nf5 Bb4 13.exd5 cxd5 14.dxe5 dxc4 15.exf6 Nxf6
16.Qe3 h6 17.Nb5 Qc6 18.Qg3 Nh5 19.Qg4 Qg6 20.Nbd6 Bxd6 21.Rxd6 Qxg4 22.hxg4
Nf6 23.Nxh6+ Kh7 24.g5 Ne4 25.Rd7 Bc6 26.Rxf7 Kg6 27.Rc7 Rac8 28.Rxc8 Rxc8 29.
Ng4 Nxg5 30.Ne5+ Kf5 31.Nxc4 Rc7 32.Bxg5 Kxg5 33.b3 Be4 34.Na3 Rc3 35.Rd1 g6
36.Rd2 a5 37.Kf1 Kf4 38.Ke2 g5 39.g3+ Ke5 40.Nc4+ Ke6 41.Kd1 Bf3+ 42.Kc1 Bd5
43.Kb2 1-0

[Event "Campeonato de Aragón por Equipos 2008 "]
[Site "Aragón"]
[Date "2008.03.29"]
[Round "7.32"]
[White "Perez Puyal Jose J"]
[Black "Campo Millan Diego"]
[Result "0-1"]
[WhiteElo "1888"]
[BlackElo "2089"]

1.e4 d6 2.d4 Nf6 3.Nc3 g6 4.Be3 Bg7 5.f3 O-O 6.Qd2 c6 7.Bh6 e5 8.Nge2 exd4 9.
Nxd4 Nxe4 10.Nxe4 Qh4+ 11.g3 Qxh6 12.Qxh6 Bxh6 13.Nxd6 Rd8 14.Nxc8 Rxd4 15.Rd1
Rxd1+ 16.Kxd1 Bf8 17.Bh3 Na6 18.Re1 Nc7 19.Bd7 Kg7 20.c4 Ne6 21.Kc1 Nc5 22.Bh3
Nd3+ 23.Kd1 Nxe1 24.Kxe1 f5 0-1

[Event "Campeonato de Aragón por Equipos 2008 "]
[Site "Aragón"]
[Date "2008.03.29"]
[Round "7.33"]
[White "Lopez Guaita Fernando"]
[Black "Gella Lopez Angel"]
[Result "1/2-1/2"]
[WhiteElo "2065"]
[BlackElo "2094"]

1.d4 Nf6 2.Nf3 d5 3.c4 e6 4.Nc3 Be7 5.Bg5 Nbd7 6.e3 O-O 7.Rc1 a6 8.a3 dxc4 9.
Bxc4 b5 10.Bd3 c5 11.O-O Bb7 12.Bb1 Qb6 13.Ne5 Rfd8 14.Nxd7 Rxd7 15.Bxf6 Bxf6
16.Qh5 cxd4 17.Qxh7+ Kf8 18.Ne4 dxe3 19.Nxf6 gxf6 20.Qh6+ Ke7 21.fxe3 Rg8 22.
Qxf6+ Ke8 23.Rc2 Qxe3+ 24.Kh1 Qg5 25.Qxg5 Rxg5 26.Kg1 f5 27.Re2 Kf7 28.Ba2
1/2-1/2

[Event "Campeonato de Aragón por Equipos 2008 "]
[Site "Aragón"]
[Date "2008.03.29"]
[Round "7.34"]
[White "Gella Bitrian Diego"]
[Black "Rodes Apilluelo Jose Maria"]
[Result "1/2-1/2"]
[WhiteElo "1844"]
[BlackElo "2053"]

1.e4 c5 2.Nf3 Nc6 3.d4 cxd4 4.Nxd4 Nf6 5.Nc3 e5 6.Ndb5 d6 7.Bg5 a6 8.Na3 b5 9.
Bxf6 gxf6 10.Nd5 f5 11.exf5 Bxf5 12.c3 Bg7 13.Nc2 O-O 14.Nce3 Be6 15.Bd3 f5
16.O-O e4 17.Nf4 Qf6 18.Bc2 Bf7 19.f3 Rae8 20.Ned5 Qh6 21.fxe4 fxe4 22.a4 Re5
1/2-1/2

[Event "Campeonato de Aragón por Equipos 2008 "]
[Site "Aragón"]
[Date "2008.03.29"]
[Round "7.35"]
[White "Bayod Rubia Angel"]
[Black "Biarge Carnicer Arturo"]
[Result "1-0"]
[WhiteElo "2042"]
[BlackElo "1838"]

1.e4 c5 2.Nf3 d6 3.d4 Nf6 4.Nc3 cxd4 5.Qxd4 e5 6.Bb5+ Nbd7 7.Qd3 h6 8.O-O Be7
9.Nd5 Nxd5 10.Qxd5 O-O 11.Bxd7 Bxd7 12.c4 Qc7 13.b3 Be6 14.Qd3 a6 15.Bb2 Rab8
16.Rac1 Rfd8 17.Rfd1 Qa5 18.Qb1 f6 19.Bc3 Qc5 20.Nh4 Kf7 21.Qd3 b5 22.cxb5
Qxb5 23.Qf3 d5 24.Qh5+ Kg8 25.exd5 Rxd5 26.Rxd5 Qxd5 27.Nf5 Qd7 28.Rd1 Qe8 29.
Qg4 Bxf5 30.Qxf5 Qc8 31.Qd3 Kh8 32.Bb2 a5 33.Rc1 Qb7 34.Qc4 Rd8 35.Qc2 Qd5 36.
h3 e4 37.Re1 f5 38.Qc1 Bb4 39.Qxh6+ 1-0

[Event "Campeonato de Aragón por Equipos 2008 "]
[Site "Aragón"]
[Date "2008.03.29"]
[Round "7.36"]
[White "Bellosta Lopez Pablo"]
[Black "De la Riva Fernandez Eduardo"]
[Result "0-1"]
[WhiteElo "1772"]
[BlackElo "1990"]

1.e4 e6 2.d4 d5 3.e5 c5 4.Qg4 cxd4 5.Nf3 Nc6 6.Bd3 Nb4 7.O-O Nxd3 8.cxd3 Ne7
9.Re1 Nf5 10.Nxd4 h5 11.Qf4 g5 12.Nxe6 fxe6 13.Qf3 Be7 14.Nc3 Nd4 15.Qd1 Bd7
16.Be3 Nf5 17.Bd2 Bc6 18.Rc1 g4 19.Na4 Qd7 20.Nc5 Bxc5 21.Rxc5 d4 22.Bg5 Rg8
23.Qc1 Rc8 24.Re4 b6 25.Rc4 Bb7 26.Rxc8+ Qxc8 27.Qxc8+ Bxc8 28.Bf6 Ba6 29.Re1
Bxd3 30.a4 Kd7 31.b4 Bc2 32.Re2 d3 33.Rd2 Nd4 34.f3 gxf3 35.g3 Nb3 0-1

[Event "Campeonato de Aragón por Equipos 2008 "]
[Site "Aragón"]
[Date "2008.03.29"]
[Round "7.37"]
[White "Laliena Solares Luis"]
[Black "Carruez Berges Fernando"]
[Result "1-0"]
[WhiteElo "2201"]
[BlackElo "2172"]

1.c4 Nf6 2.g3 d6 3.Bg2 e5 4.Nc3 Nc6 5.e4 Be6 6.d3 Qd7 7.Nd5 Nd4 8.Bg5 Be7 9.
Nxe7 Qxe7 10.Qd2 h6 11.Be3 c5 12.Bxd4 cxd4 13.Nf3 Bg4 14.Nh4 g5 15.Nf5 Bxf5
16.exf5 Qd7 17.h4 g4 18.O-O O-O-O 19.Rac1 Kb8 20.Qb4 Rc8 21.Bxb7 Qxb7 22.Qxd6+
Ka8 23.Qxf6 1-0

[Event "Campeonato de Aragón por Equipos 2008 "]
[Site "Aragón"]
[Date "2008.03.29"]
[Round "7.38"]
[White "Valiente JL"]
[Black "Cobo Garrido Diego Israel"]
[Result "1-0"]
[WhiteElo "2134"]
[BlackElo "1989"]

1.e4 c5 2.Nc3 d6 3.Nf3 Nc6 4.d4 cxd4 5.Nxd4 Nf6 6.Bg5 Qb6 7.Nb3 e6 8.Be3 Qc7
9.g4 h6 10.f4 a6 11.a4 b6 12.Bg2 Bb7 13.Qe2 Nb4 14.Rc1 d5 15.exd5 Nfxd5 16.
Nxd5 Nxd5 17.O-O Nxe3 18.Bxb7 Qxb7 19.Qxe3 Be7 20.Nd4 O-O 21.Rcd1 Rad8 22.c3
Qd7 23.b3 Qc7 24.Rd3 Rfe8 25.Rfd1 Bd6 26.Rf1 e5 27.fxe5 Rxe5 28.Qf3 Rd5 29.h3
Bc5 30.Rfd1 b5 31.axb5 axb5 32.Kg2 Bxd4 33.Rxd4 Rxd4 34.cxd4 Rd6 35.Qa8+ Kh7
36.Qe4+ g6 37.d5 Qd7 38.Rd3 Kg7 39.Qe5+ f6 40.Qe4 Kf7 41.h4 Qe7 42.Kf3 f5 43.
gxf5 Rf6 44.d6 Rxf5+ 45.Qxf5+ 1-0

[Event "Campeonato de Aragón por Equipos 2008 "]
[Site "Aragón"]
[Date "2008.03.29"]
[Round "7.39"]
[White "Gayan Miguel Angel"]
[Black "Carruez Berges Santiago"]
[Result "0-1"]
[WhiteElo "1910"]
[BlackElo "2106"]

1.d4 Nf6 2.Nf3 g6 3.c4 Bg7 4.Nc3 O-O 5.Bg5 h6 6.Bh4 c5 7.e3 cxd4 8.Nxd4 Nc6 9.
Be2 d6 10.O-O Bd7 11.a3 Nxd4 12.exd4 Rc8 13.Rc1 Qa5 14.Qb3 Rfe8 15.Rfd1 Be6
16.d5 Bf5 17.Bd3 Bd7 18.Qc2 b5 19.Bxf6 Bxf6 20.Ne4 Bd4 21.Qd2 Qxd2 22.Rxd2 Bf5
23.Bb1 Be5 24.g3 bxc4 25.Nc3 Bxb1 26.Nxb1 Rc5 27.Nc3 Rec8 28.Kg2 Kf8 29.f4 Bg7
30.Kf3 Ke8 31.Ke4 Kd7 32.g4 Bf6 33.Rdc2 g5 34.f5 Be5 35.h3 Bf4 36.Rf1 Rb8 37.
Ne2 Be5 38.Nd4 Bxd4 39.Kxd4 Rb3 40.Rc3 Rxb2 41.Rff3 Rd2+ 42.Ke3 Rdxd5 43.Rf1
Ra5 44.Rxc4 Rxa3+ 45.Ke4 Rb5 46.Rfc1 d5+ 0-1